000 01038nas a2200301 4500
001 BR2021000282
003 BR-BrBNA
005 20231205132138.0
007 ta
008 230509b bl.|||p| |||| 00| 00por d
040 _aBR-BrBNA
_bpor
_cBiblioteca Nacional de Agricultura
041 _a(Pt)
072 _aU40
100 1 _aFilgueiras, R.
100 1 _aRamos, M.C.A.
100 1 _aRibeiro, R.B.
100 1 _aGeneroso, T.N.
100 1 _aDávila, A.E.
100 1 _aGalvão, J.D.L.
245 1 _aProdutos SRTM e RTC na caracterização morfométrica e topográfica: uma abordagem comparativa
650 _aSISTEMA DE INFORMAÇÃO GEOGRÁFICA
650 _aBACIA HIDROGRÁFICA
773 0 _tNativa. Pesquisas Agrárias e Ambientais (Brazil)
_xISSN 2318-7670
_g(Jan-Feb 2018), v. 6(1) p. 47-55
_wBR2021000282
856 4 0 _uhttps://periodicoscientificos.ufmt.br/ojs/index.php/nativa/article/view/4511/4611
856 4 0 _dLink DSPACE/MAPA BR2021000282
909 _a202311
_bLúcia
_c55
_dLúcia Elande
942 _2AGRIS
_n0
_cANA
999 _c258735
_d258735